Statistiques concernant Capitals South Of Windhoek

Cliquez ici pour prendre le quiz!

Statistiques générales

  • Ce quiz a été pris 25 fois
    (6 depuis la dernière actualisation)
  • Le résultat moyen est 10 sur 13

Statistiques - réponses

Degrees SouthRéponse% Correct
41.28Wellington
100%
34.88Montevideo
100%
34.6Buenos Aires
100%
33.45Santiago
100%
29.3Maseru
100%
25.73Pretoria
100%
25.27Asunción
100%
35.3Canberra
83%
26.32Mbabane
83%
25.97Maputo
83%
29.12Bloemfontein
33%
24.65Gaborone
33%
33.92Kapstadt
0%

Distribution des résultats

Percentile par nombre de réponses

% des personnes avec chaque résultat

Votre développement - résultats

Vous n’avez pas pris ce quiz depuis la dernière actualisation